000 00424nam a2200181Ia 4500
001 9035
005 20260306160654.0
008 260306t2015||||xx |||||||||||||| ||spa||
041 _aESP
082 _a372.4
_bB18
100 _aBallester, Josep
_eAUT
245 0 _aLa formación lectora y literaria
260 _c2015
300 _a215 páginas :
_c23 cm.
650 _aGEN
654 _aCED
942 _cLIB
_dJUS
_fJUS
_2ddc
_n
999 _c9035
_d9035